Meilleurs Buteurs de Manchester City - Statistiques

Statistiques générales
  • Ce quiz a été pris 454 fois
    52 depuis la dernière actualisation
  • Le résultat moyen est 10 sur 20
Statistiques - réponses
Buts Nation Réponse % Correct
260 Argentine Sergio Agüero
100%
100 Norvège Erling Haaland
96%
103 Belgique Kevin de Bruyne
96%
67 Portugal Bernardo Silva
87%
78 Algérie Riyad Mahrez
87%
77 Espagne David Silva
84%
80 Côte d'Ivoire Yaya Touré
84%
72 Bosnie-Herzégovine Edin Dzeko
76%
131 Angleterre Raheem Sterling
73%
87 Angleterre Phil Foden
71%
95 Brésil Gabriel Jesus
58%
73 Argentine Carlos Tevez
40%
127 Angleterre Colin Bell
9%
78 Angleterre Colin Barlow
0%
91 Angleterre Dennis Tueart
0%
129 Angleterre Francis Lee
0%
136 Angleterre Joe Hayes
0%
69 Angleterre Neil Young
0%
69 Irlande Niall Quinn
0%
99 Angleterre Shaun Goater
0%
Aucun quiz correspondant
Distribution des résultats
% des personnes avec chaque résultat
Percentile par nombre de réponses
Votre historique - résultats
Vous n’avez pas pris ce quiz depuis la dernière actualisation